00286nam a2200109Ia 4500008004100000020002200041082001800063100001300081245005100094260002100145300001000166210430s9999 xx 000 0 und d a978-81-203-3526-4 a670.42 J253 T aK.C.Jain aTextbook of Production Engineering /cK.C.Jain aIndiabPHIc2010 a776 P